| 000 | 01044nam a22002537a 4500 | ||
|---|---|---|---|
| 005 | 20090825120337.0 | ||
| 008 | 090728t xxu||||| |||| 00| 0 pun d | ||
| 010 | _aPUN-6523 | ||
| 020 |
_c200.00 _a9789350170045 |
||
| 035 | _aPN-5641 | ||
| 037 | _bDBAD / PUB | ||
| 040 |
_adpl _bpn |
||
| 082 | _a921 | ||
| 100 |
_924414 _aਅਟਵਾਲ, ਹਰਜੀਤ |
||
| 245 |
_aਪਚਾਸੀ ਵਰ੍ਹਿਆਂ ਦਾ ਜਸ਼ਨ / _c ਹਰਜੀਤ ਅਟਵਾਲ |
||
| 246 |
_aPachasi varian da jashan _bby Harjeet Atwal |
||
| 260 |
_aਚੰਡੀਗਡ਼ _bਲੋਕਗੀਤ ਪ੍ਰਕਾਸ਼ਨ _c2010 |
||
| 270 |
_as.c.o-26-27, Sector-34-A, _bਚੰਡੀਗਡ਼ _e160022 _k01624-682954, 09781534406 |
||
| 300 | 4 |
_a155 ਸਫੇ _c22 ਸੇਮੀ (ਸਜਿਲੱਦ) |
|
| 650 |
_924412 _aਜੀਵਨੀ |
||
| 650 |
_aAutobiography _924431 |
||
| 942 |
_2ddc _cPN _h921 _mਅਟਵਾ |
||
| 999 |
_c48918 _d48918 |
||